000 00485nam a2200169Ia 4500
999 _c16315
_d16315
003 OSt
005 20200606115908.0
008 190216s9999||||xx |||||||||||||| ||und||
040 _cMESKC library
082 _a891.43
_bBHA/H
100 _aBavuk, Krishna
_9309
245 0 _aHindi Bhasha Aur Nagarilipi /
_cKrishna Bavuk
260 _bAshoka Prakashan,
_aDelhi:
_c2002.
300 _a212p
650 _aHindi
942 _cBK
_2ddc
_h891.43
_iBHA/H
_k891.43
_mBHA/H